| Tag |
First Indicator |
Second Indicator |
Subfields |
| LEADER |
00000cam a2200000 i 4500 |
| 001 |
in00005726257 |
| 005 |
20260319203927.5 |
| 006 |
m o d |
| 007 |
cr ||||||||||| |
| 008 |
231106r20232005enka fob 001 0 eng d |
| 010 |
|
|
|z 2004063569
|
| 040 |
|
|
|a STBDS
|b eng
|e rda
|e pn
|c STBDS
|d OCLCO
|d OCLCL
|d OCLCF
|d SFB
|d OCLCQ
|d OCLCL
|
| 019 |
|
|
|a 1429766982
|a 1446870419
|a 1569199325
|
| 020 |
|
|
|a 9780197723364
|q ebook
|
| 020 |
|
|
|a 0197723365
|
| 020 |
|
|
|a 1280534427
|
| 020 |
|
|
|a 9781280534423
|
| 020 |
|
|
|a 9786610534425
|
| 020 |
|
|
|a 661053442X
|
| 020 |
|
|
|a 1429400285
|
| 020 |
|
|
|a 9781429400282
|
| 024 |
7 |
|
|a 10.1093/oso/9780195169379.001.0001
|2 doi
|
| 035 |
|
|
|a (OCoLC)1410954874
|z (OCoLC)1429766982
|z (OCoLC)1446870419
|z (OCoLC)1569199325
|
| 050 |
|
4 |
|a PQ6352
|b .C37 2023
|
| 072 |
|
7 |
|a LIT
|2 ukslc
|
| 072 |
|
7 |
|a DS
|2 thema
|
| 082 |
0 |
4 |
|a 863.3
|2 23
|
| 049 |
|
|
|a TXAM
|
| 245 |
0 |
0 |
|a Cervantes' Don Quixote :
|b a casebook /
|c edited by Roberto González Echevarría.
|
| 264 |
|
1 |
|a Oxford :
|b Oxford University Press,
|c 2023.
|
| 300 |
|
|
|a 1 online resource (xiv, 281 pages) :
|b illustrations (black and white).
|
| 336 |
|
|
|a text
|b txt
|2 rdacontent
|
| 337 |
|
|
|a computer
|b c
|2 rdamedia
|
| 338 |
|
|
|a online resource
|b cr
|2 rdacarrier
|
| 500 |
|
|
|a Previously issued in print: New York: Oxford University Press, 2005.
|
| 504 |
|
|
|a Includes bibliographical references and index.
|
| 520 |
8 |
|
|a This casebook gathers a collection of ambitious essays about both parts of the novel (1605 and 1615) and also provides a general introduction and a bibliography. The essays range from Ramón Men'endez Pidal's seminal study of how Cervantes dealt with chivalric literature to Erich Auerbachs polemical study of Don Quixote as essentially a comic book by studying its mixture of styles, and include Leo Spitzer's masterful probe into the essential ambiguity of the novel through minute linguistic analysis of Cervantes prose. The book includes pieces by other major Cervantes scholars, such as Manuel Dur'an and Edward C. Riley, as well as younger scholars like Georgina Dopico-Black. All these essays ultimately seek to discover that which is peculiarly Cervantean in Don Quixote and why it is considered to be the first modern novel.
|
| 521 |
|
|
|a Specialized.
|
| 588 |
|
|
|a Description based on print version record.
|
| 505 |
0 |
|
|a Cervantes' harassed and vagabond life / Manuel Durán -- The enchanted Dulcinea / Erich Auerbach -- The genesis of Don Quixote / Ramón Menéndez Pidal -- Canons afire : libraries, books and bodies in Don Quixote's Spain / Georgina Dopico Black -- Literature and life in Don Quixote / E.C. Riley -- Don Quixote, story or history? / Bruce W. Wardropper -- Linguistic perspectivism in the Don Quixote / Leo Spitzer -- Don Quixote : crossed-eyes and vision / Roberto González Echevarría -- The narrator in Don Quixote : Maese Pedro's puppet show / George Haley -- Self portraits : introduced by Roberto Gonzʹalez Echevarría / Miguel de Cervantes.
|
| 546 |
|
|
|a English.
|
| 600 |
1 |
0 |
|a Cervantes Saavedra, Miguel de,
|d 1547-1616.
|t Don Quixote.
|
| 630 |
0 |
7 |
|a Don Quixote (Cervantes Saavedra, Miguel de)
|2 fast
|0 (OCoLC)fst01356104
|
| 650 |
|
7 |
|a Literature: history & criticism.
|2 thema
|
| 650 |
|
7 |
|a Literature.
|2 ukslc
|
| 655 |
|
7 |
|a Electronic books.
|2 local
|
| 700 |
1 |
|
|a González Echevarría, Roberto,
|e editor.
|
| 758 |
|
|
|i has work:
|a Cervantes' Don Quixote (Text)
|1 https://id.oclc.org/worldcat/entity/E39PCGgqF6BrCypHqVvRrRJWwy
|4 https://id.oclc.org/worldcat/ontology/hasWork
|
| 776 |
0 |
8 |
|i Print version :
|z 9780195169379
|
| 776 |
0 |
8 |
|z 0-19-516937-9
|
| 856 |
4 |
0 |
|u http://proxy.library.tamu.edu/login?url=https://academic.oup.com/book/48584
|z Connect to the full text of this electronic book
|t 0
|
| 936 |
|
|
|a BATCHLOAD
|
| 955 |
|
|
|a Oxford Scholarship Online
|
| 994 |
|
|
|a 92
|b TXA
|
| 999 |
f |
f |
|i 778fc339-7176-4116-a15c-057095185017
|s 5ba5724c-16a9-4704-9fbf-685e4fc40dc2
|t 0
|
| 952 |
f |
f |
|a Texas A&M University
|b College Station
|c Electronic Resources
|s www_evans
|d Available Online
|t 0
|e PQ6352 .C37 2023
|h Library of Congress classification
|
| 998 |
f |
f |
|a PQ6352 .C37 2023
|t 0
|l Available Online
|